[Event "POL-ch Teachers"]
[Site "Krakow"]
[Date "2012.??.??"]
[Round "6"]
[White "Staroniewicz, Janusz"]
[Black "Beker, Cezary"]
[Result "1-0"]
[WhiteElo "1701"]
[BlackElo "1833"]
[PlyCount "63"]
[EventDate "2012.??.??"]
[EventType "swiss"]
[EventRounds "9"]
[EventCountry "POL"]
[SourceTitle "EXT 2014"]
[Source "ChessBase"]
[SourceDate "2013.11.20"]
[SourceVersion "1"]
[SourceVersionDate "2013.11.20"]
[SourceQuality "1"]

1. e4 c5 2. Nf3 Nc6 3. c3 d5 4. e5 d4 5. Bb5 Bd7 6. Bxc6 Bxc6 7. cxd4 cxd4 8. d3 e6 9. 0-0 Ne7 10. Bg5 h6 11. Bh4 g5 12. Bg3 Nf5 13. h3 h5 14. Bh2 g4 15. Nfd2 gxh3 16. g3 Qg5 17. Ne4 Qg6 18. Nf6+ Kd8 19. Nd2 Bg2 20. Re1 Nh4 21. Qa4 Bc6 22. Qxd4+ Kc8 23. Qxh4 Qxd3 24. Rad1 Be7 25. Qc4 Qf5 26. b4 Kb8 27. b5 Bxf6 28. bxc6 Bd8 29. cxb7 Kxb7 30. Ne4 Qf3 31. Nd6+ Kb6 32. Rb1+ 1-0

[Event "Kefar Sava schev"]
[Site "Kefar Sava"]
[Date "2010.06.30"]
[Round "9"]
[White "Beker, Cezary"]
[Black "Tarnopolsky, Anatoly"]
[Result "0-1"]
[WhiteElo "1849"]
[BlackElo "2312"]
[PlyCount "80"]
[EventDate "2010.06.20"]
[EventType "schev"]
[EventRounds "10"]
[EventCountry "ISR"]
[SourceTitle "CBM 137 Extra"]
[Source "ChessBase"]
[SourceDate "2010.09.01"]
[SourceVersion "1"]
[SourceVersionDate "2010.09.01"]
[SourceQuality "1"]

1. e4 e5 2. Nf3 Nc6 3. Bb5 a6 4. Ba4 Nf6 5. 0-0 Be7 6. Qe2 b5 7. Bb3 d6 8. c3 Na5 9. Bc2 c5 10. Rd1 0-0 11. d4 Qc7 12. d5 Bd7 13. b3 Ne8 14. Nbd2 g6 15. Nf1 Ng7 16. Ng3 Nb7 17. Bd2 Nd8 18. Bd3 f6 19. c4 Qb7 20. Ne1 Nf7 21. f4 exf4 22. Bxf4 Ne5 23. Bxe5 fxe5 24. Nc2 Bh4 25. Qe3 Rf4 26. Rf1 Raf8 27. Ne1 Nh5 28. Be2 bxc4 29. bxc4 Rxf1+ 30. Bxf1 Qb2 31. Rd1 Bg5 32. Qe2 Qxe2 33. Bxe2 Be3+ 34. Kh1 Nxg3+ 35. hxg3 Rf2 36. Bd3 Rxa2 37. Nc2 Bg5 38. Rb1 Kf7 39. Ra1 Rxa1+ 40. Nxa1 Be3 0-1

[Event "Kefar Sava schev"]
[Site "Kefar Sava"]
[Date "2010.06.29"]
[Round "8"]
[White "Zilberman, Yaacov"]
[Black "Beker, Cezary"]
[Result "1-0"]
[WhiteElo "2437"]
[BlackElo "1849"]
[PlyCount "67"]
[EventDate "2010.06.20"]
[EventType "schev"]
[EventRounds "10"]
[EventCountry "ISR"]
[SourceTitle "CBM 137 Extra"]
[Source "ChessBase"]
[SourceDate "2010.09.01"]
[SourceVersion "1"]
[SourceVersionDate "2010.09.01"]
[SourceQuality "1"]

1. d4 d5 2. c4 dxc4 3. Nf3 Nf6 4. e3 e6 5. Bxc4 a6 6. a4 c5 7. 0-0 Nc6 8. Qe2 Qc7 9. Nc3 Be7 10. Rd1 0-0 11. d5 exd5 12. Bxd5 Bd7 13. e4 Bd6 14. Bxc6 Bxc6 15. Rxd6 Qxd6 16. e5 Bxf3 17. gxf3 Qc6 18. exf6 Qxf6 19. Be3 Qf5 20. a5 Rfe8 21. Kh1 Re6 22. Rg1 Rae8 23. Rg3 h5 24. Kg2 Rg6 25. Qc4 Qc2 26. Qxc5 h4 27. Rxg6 Qxg6+ 28. Kh3 Qf6 29. f4 Qe6+ 30. Kxh4 Rc8 31. Qd5 Qh6+ 32. Kg3 Rc6 33. f5 Qh5 34. h4 1-0

[Event "Kefar Sava schev"]
[Site "Kefar Sava"]
[Date "2010.06.27"]
[Round "6"]
[White "Belytsky, Alexandr"]
[Black "Beker, Cezary"]
[Result "1/2-1/2"]
[WhiteElo "2323"]
[BlackElo "1849"]
[PlyCount "57"]
[EventDate "2010.06.20"]
[EventType "schev"]
[EventRounds "10"]
[EventCountry "ISR"]
[SourceTitle "CBM 137 Extra"]
[Source "ChessBase"]
[SourceDate "2010.09.01"]
[SourceVersion "1"]
[SourceVersionDate "2010.09.01"]
[SourceQuality "1"]

1. d4 d5 2. c4 dxc4 3. Nf3 Nf6 4. e3 e6 5. Bxc4 a6 6. a4 c5 7. 0-0 Nc6 8. Nc3 Be7 9. dxc5 Qxd1 10. Rxd1 Bxc5 11. h3 Ke7 12. e4 Nd7 13. Bf4 f6 14. Rac1 b6 15. Rd2 Nde5 16. Nxe5 Nxe5 17. Bb3 Bd7 18. a5 Rac8 19. Rcd1 Rhd8 20. axb6 Bxb6 21. Ra1 a5 22. Rad1 Bc5 23. Na4 Bxa4 24. Bxa4 Rxd2 25. Rxd2 Bd6 26. Bxe5 Rc1+ 27. Rd1 Rxd1+ 28. Bxd1 Bxe5 29. b3 1/2-1/2

[Event "Kefar Sava schev"]
[Site "Kefar Sava"]
[Date "2010.06.22"]
[Round "3"]
[White "Beker, Cezary"]
[Black "Nedobora, Mikhail"]
[Result "0-1"]
[WhiteElo "1849"]
[BlackElo "2388"]
[PlyCount "56"]
[EventDate "2010.06.20"]
[EventType "schev"]
[EventRounds "10"]
[EventCountry "ISR"]
[SourceTitle "CBM 137 Extra"]
[Source "ChessBase"]
[SourceDate "2010.09.01"]
[SourceVersion "1"]
[SourceVersionDate "2010.09.01"]
[SourceQuality "1"]

1. e4 d6 2. d4 Nf6 3. Nc3 Nbd7 4. Nf3 e5 5. g3 Be7 6. Bg2 0-0 7. 0-0 c6 8. a4 b6 9. b3 Re8 10. Ba3 Qc7 11. Nh4 Bf8 12. f4 Ba6 13. Re1 g6 14. Qd2 Rad8 15. Rad1 Bh6 16. dxe5 dxe5 17. Bd6 Qb7 18. Qf2 exf4 19. gxf4 Nh5 20. Bh3 Nf8 21. f5 Rxd6 22. Rxd6 Bf4 23. Rdd1 Be5 24. Qf3 Qe7 25. Ng2 Qc5+ 26. Qe3 Bxc3 27. Qxc5 bxc5 28. Re3 Bd4 0-1

[Event "POL-ch Teachers"]
[Site "Krakow"]
[Date "2008.05.23"]
[Round "5.13"]
[White "Staroniewicz, Janusz"]
[Black "Beker, Cezary"]
[Result "1-0"]
[WhiteElo "1757"]
[BlackElo "1867"]
[PlyCount "108"]
[EventDate "2008.05.22"]
[EventType "swiss"]
[EventRounds "9"]
[EventCountry "POL"]
[SourceTitle "EXT 2023"]
[Source "ChessBase"]
[SourceDate "2022.10.05"]
[SourceVersion "1"]
[SourceVersionDate "2022.10.05"]
[SourceQuality "1"]

1. e4 c5 2. Nf3 Nc6 3. d4 cxd4 4. Nxd4 Nf6 5. Nc3 e5 6. Nf3 Bb4 7. Bd3 d5 8. exd5 Qxd5 9. 0-0 Bxc3 10. bxc3 0-0 11. c4 Qd8 12. Bg5 Bg4 13. Rb1 Qc7 14. h3 Bh5 15. Bxf6 gxf6 16. Be4 Rad8 17. Qc1 Bg6 18. Qe3 b6 19. Bxg6 fxg6 20. c5 Nd4 21. Nxd4 Rxd4 22. Qb3+ Qf7 23. Qxf7+ Rxf7 24. cxb6 axb6 25. Rxb6 Rd2 26. Rc1 Kg7 27. a4 Rc7 28. c4 Rd4 29. Rb4 Rc5 30. Kf1 g5 31. Ke2 h5 32. Ke3 Kg6 33. Ra1 Rdxc4 34. Rxc4 Rxc4 35. a5 Kf5 36. a6 Rc3+ 37. Kd2 Rc8 38. a7 Ra8 39. Ke3 h4 40. f3 Ke6 41. Ra5 f5 42. Kd3 Kd6 43. Kc4 Rc8+ 44. Kb5 Ra8 45. Kb6 e4 46. fxe4 fxe4 47. Kb7 Rxa7+ 48. Kxa7 e3 49. Kb6 Ke6 50. Kc6 Kf6 51. Kd6 Kg6 52. Re5 Kh5 53. Rxe3 g4 54. Re5+ Kg6 1-0

[Event "Poznan op-B 16th"]
[Site "Poznan"]
[Date "2007.07.24"]
[Round "4.17"]
[White "Chojnacki, Tomasz"]
[Black "Beker, Cezary"]
[Result "1/2-1/2"]
[WhiteElo "1782"]
[BlackElo "1845"]
[PlyCount "36"]
[EventDate "2007.07.21"]
[EventType "swiss"]
[EventRounds "9"]
[EventCountry "POL"]
[SourceTitle "EXT 2023"]
[Source "ChessBase"]
[SourceDate "2022.10.05"]
[SourceVersion "1"]
[SourceVersionDate "2022.10.05"]
[SourceQuality "1"]

1. e4 c5 2. Nf3 Nc6 3. d4 cxd4 4. Nxd4 Nf6 5. Nc3 e5 6. Ndb5 d6 7. a4 a6 8. Na3 Be6 9. Bc4 Bxc4 10. Nxc4 Nxe4 11. Nxe4 d5 12. Nxe5 Nxe5 13. Ng3 Bc5 14. 0-0 0-0 15. Re1 Re8 16. Nf5 Ng4 17. Be3 Nxe3 18. Nxe3 Bxe3 1/2-1/2

[Event "Poznan op-B 16th"]
[Site "Poznan"]
[Date "2007.07.21"]
[Round "1.23"]
[White "Beker, Cezary"]
[Black "Manicki, Aleksander"]
[Result "1-0"]
[WhiteElo "1845"]
[BlackElo "1600"]
[PlyCount "82"]
[EventDate "2007.07.21"]
[EventType "swiss"]
[EventRounds "9"]
[EventCountry "POL"]
[SourceTitle "EXT 2023"]
[Source "ChessBase"]
[SourceDate "2022.10.05"]
[SourceVersion "1"]
[SourceVersionDate "2022.10.05"]
[SourceQuality "1"]

1. e4 d5 2. exd5 Nf6 3. c4 e6 4. dxe6 Bxe6 5. d4 Bb4+ 6. Bd2 Bxd2+ 7. Qxd2 c6 8. Nc3 0-0 9. Nf3 Re8 10. Ne5 Nbd7 11. 0-0-0 Qa5 12. f4 Red8 13. Bd3 Rac8 14. b3 b5 15. c5 g6 16. Qc2 Nxe5 17. dxe5 Nd5 18. Nxd5 cxd5 19. Kb2 Rc6 20. Qd2 b4 21. Rc1 Rdc8 22. Rc2 Rxc5 23. Rhc1 Rc3 24. Rxc3 Rxc3 25. Rxc3 bxc3+ 26. Qxc3 Qxc3+ 27. Kxc3 Kf8 28. Bb5 Ke7 29. Bc6 f6 30. Kd4 Bf7 31. Bxd5 f5 32. Bxf7 Kxf7 33. Kc5 Ke7 34. Kc6 Ke6 35. b4 g5 36. g3 h5 37. h4 gxh4 38. gxh4 Ke7 39. a4 a5 40. b5 Kd8 41. b6 Kc8 1-0